00516nam a2200157 i 4500001000300000100001900003245008700022260002100109040000800130041000800138942000700146008004100153999001700194856009800211952004900309bg1 aSKWIROWSKA, S. 0aŻycie szkoły wyższej :bbibliografia zawartości 1953-1967 /cS. Skwirowska. aWarszawa,c1969. cBPK apol cKS s pl f |000 0 pol  c10469d10469 uhttp://koha.tu.koszalin.pl/cgi-bin/koha/opac-detail.pl?biblionumber=10469yKatalog online BPK 00104070aBPKbBPKcwoP 314p01781496yKS